000 00232nam a22000977a 4500
999 _c15878
_d15878
003 OSt
008 191022b ||||| |||| 00| 0 eng d
100 _aPremnath.
_94369
245 _aNammude nadan pattukalum nadan kalakalum
942 _cBK